Estadística básica del sistema educativo nacional : preescolar y primaria : fin de cursos 1979-1980 : resultados preliminares : suplemento.

שמור ב:
מידע ביבליוגרפי
מחבר תאגידי: México. Presidencia de la República Secretaría de Educación Pública
פורמט: ספר
שפה:ספרדית
נושאים:
תגים: הוספת תג
אין תגיות, היה/י הראשונ/ה לתייג את הרשומה!

MARC

LEADER 00000cam^a2200000uu^4500
001 000474704
005 20250521000000.0
008 050901s1981^^^^^^^^^^^^rc^r^^000^0^spa^d
009 20260310124744.34
035 |a FCE 000017566 
035 |a FCE 017944 
037 |a Acervo ITESO - Biblioteca 
041 |a spa 
082 0 4 |a 370.0212  |b SEP-MEX F.79-80 
110 |a México. Presidencia de la República  |b Secretaría de Educación Pública 
245 1 0 |a Estadística básica del sistema educativo nacional :  |b preescolar y primaria : fin de cursos 1979-1980 : resultados preliminares : suplemento. 
264 |a México :  |b SEP,  |c 1981. 
300 |a 70 p. 
336 |a texto  |b txt  |2 rdacontenido 
337 |a sin mediación  |b n  |2 rdamedio 
338 |a volumen  |b nc  |2 rdasoporte 
649 |a XX 
650 |a Estadísticas educativas 
650 |a Educación bilingüe 
650 |a Investigación educativa 
650 |a Educación preescolar 
910 |a Fondo Centro de Estudios Educativos 
920 |a Impresos - Libros 
930 |a Fondos Especiales 
905 |a 133 
901 |a ALE017944  |b IT2  |c CEE  |u 20250521 
901 |a ALE041764  |b IT2  |c CEE  |u 20250521 
901 |a ALE041765  |b IT2  |c CEE  |u 20250521 
901 |a ALE041766  |b IT2  |c CEE  |u 20250521 
901 |a ALE041767  |b IT2  |c CEE  |u 20250521 
902 |a https://opac.biblio.iteso.mx/vufind/Record/000474704